000 00540nam a2200181Ia 4500
003 GCL
008 140319s9999 xx 000 0 ara d
040 _aGCL /
_cGCL
082 0 4 _a107
_bج ف
100 1 _aجهاد نعمان
245 1 0 _aفى العمارة الفلسفية /
_cجهاد نعمان
260 _a[S.N] :
_bالمؤسسة الجامعية للدراسات والنشر والتوزيع ،
_c1990
300 _a160 ص
490 _a
650 0 4 _aطرق التدريس
650 0 4 _aالفلسفة
942 _2ddc
_cBK
999 _c53110
_d53110